Feťák

Bibliographic Details
Main Author: Burroughs, William S. (William Seward), 1914-1997 (Author)
Other Authors: Rauvolf, Josef (Translator)
Format: Book
Language:Czech
English
PhysicalDescription:117, [3] s. 19 cm
Published: Praha Odeon 1992
ISBN:8020704124
Edition:1., vyd.
Series:Pocket program : Řada A
Subjects:

MARC

LEADER 00000nam a2200000 a 4500
001 vtls001138259
003 SK-MaSNL
005 20260301002017.0
008 251031s1992 xr 0 00f cze
020 |a 8020704124  |q (brož.) 
035 |a SNK000081112 
040 |a SNK  |b slo  |c SNK  |e AACR2 
041 1 |a cze  |h eng 
044 |a xr  |c CZ 
072 7 |a 821.111(73)-3  |x Americká próza  |2 konspekt 
080 |a 821.111(73)-31=162.3  |2 2001 
080 |a (0:82-31)  |2 2001 
100 1 |a Burroughs, William S.  |q (William Seward),  |d 1914-1997  |4 aut  |9 55814 
240 1 0 |a Junky. Česky  |l Česky 
245 1 0 |a Feťák  |c William S. Burroughs ; [z anglického originálu přeložil Josef Rauvolf] 
250 |a 1., vyd. 
260 |a Praha  |b Odeon  |c 1992 
300 |a 117, [3] s.  |c 19 cm 
490 0 |a Pocket program : Řada A 
500 |a Preložené z angličtiny 
655 7 |a americké romány  |2 SNKPH  |9 1174 
655 7 |a American fiction  |2 SNKPHeng  |9 281076 
700 1 |a Rauvolf, Josef  |4 trl  |9 281077 
852 |a Slovenská národná knižnica 
919 |a 80-207-0412-4 
954 |a romány americké 
958 |a SV 
968 |d Z angl. orig. 
999 |c 536331  |d 538261 
952 |t P60, <04>, [BOOK], {604}  |a SNK  |b SNK  |y VYP  |7 0  |p 17A0151265  |o snkID 94009  |0 0  |1 0  |4 0  |d 1996-10-22  |l 0  |r 2005-01-01 00:00:00  |w 2026-02-23